Lyrics to This Town by Niall Horan - Statistics

General Stats
  • This quiz has been taken 1,953 times
  • The average score is 267 of 327
Answer Stats
This Town % Correct
to
99%
you
99%
You
99%
I
98%
The
98%
the
98%
and
96%
Bridge | Pre-Chorus And
96%
still
95%
there
94%
in
93%
In
93%
everything
90%
Everything
90%
when
90%
with
90%
It's
88%
it's
88%
Chorus If
87%
if
87%
was
87%
watching
87%
world
87%
your
87%
dance
86%
this
86%
whole
86%
on
84%
So
84%
so
84%
be
83%
hard
83%
I'd
83%
come
82%
of
82%
up
82%
back
81%
kiss
81%
air
80%
around
80%
never
80%
smell
80%
Verse 1 Waking
80%
we
80%
Over
79%
over
79%
perfume
79%
town
79%
comes
78%
stuck
78%
Drive
77%
from
77%
From
77%
got
77%
nobody's
77%
only
77%
truth
77%
me
76%
highways
75%
tell
75%
want
75%
But
74%
say
73%
time
73%
first
72%
words
72%
were
71%
children
70%
saw
70%
byways
69%
playing
68%
that
67%
That
67%
old
66%
remember
66%
how
65%
things
65%
move
64%
change
63%
funny
63%
far
62%
shadow
62%
now
61%
Yesterday
61%
running
60%
thought
60%
stars
59%
make
58%
walk
58%
butterflies
57%
nervous
57%
room
57%
Wish
57%
fairground
56%
I'm
56%
round
56%
they
54%
know
53%
new
53%
next
53%
someone
53%
alive
51%
moved
51%
arms
48%
his
48%
can't
46%
met
46%
he's
45%
pub
43%
wrong
43%
something
41%
about
40%
Them
39%
there's
39%
Chorus Because
27%
No matching quizzes found
Score Distribution
Percent of People with Each Score
Percentile by Number Answered
Your Score History
You have not taken this quiz